| 000 | 00572nam a22002052 4500 | ||
|---|---|---|---|
| 001 | 0000020025 | ||
| 005 | 20151217161159.0 | ||
| 008 | 110526s xx 000 0 eng d | ||
| 020 | _a0140515268 : | ||
| 040 |
_aKABU _cKABU |
||
| 100 | 1 |
_aBlockley, David. _@0000180063 |
|
| 245 | 1 | 0 |
_aCivil engineering / _cDavid Blockley. |
| 250 | _a1st ed. | ||
| 260 |
_aLondon : _bPenguin, _c2005. |
||
| 300 | _axxiv, 533 p. | ||
| 650 | 0 |
_aCivil engineering _xDictionaries. _@0000180064 |
|
| 908 | _a110526 | ||
| 950 | _@1 | ||
| 999 |
_c15224 _d15224 |
||